000 01118nam a22003497a 4500
001 000062912
003 CHAP
005 20220329141040.0
008 971013s1991 r 00010 d
010 _a61839
011 _a62811
035 _a66987
040 _cCHAP
082 0 4 _a111
_bT4Y
100 0 0 _aTertulian, Lukacs.
_9112451
245 1 0 _aOntología del ser social.
260 _aChapingo, Méx. :
_bUACH. Departamento de Sociología Rural,
_c1991.
300 _a155 p.
590 _aBATCH-UPD
_b10
_c20130110
_lUCH01
_h0736
590 _aBATCH-UPD
_b10
_c20130110
_lUCH01
_h2353
590 _aBATCH-UPD
_b10
_c20130410
_lUCH01
_h0418
590 _aBATCH-UPD
_b10
_c20130914
_lUCH01
_h1850
590 _aCONVERSION
_b10
_c20130109
_lUCH01
_h1333
590 _aE5995AHE
_b05
_c20150217
_lUCH01
_h1018
650 1 4 _aOntología.
_983341
901 _aBK
942 _cLIBRO
942 _n0
949 _a111 T4Y
_bBC
_cLIBRO
_d33724000608279
_eLIBRO
_h91304
_i66987
_si
949 _a111 T4Y
_bBC
_cLIBRO
_d33724000608287
_eLIBRO
_fc.2
_h91305
_i66987
_si
949 _a111 T4Y
_bBC
_cUACH
_d-152235
_eUACH
_fc.3
_h91306
_i66987
_sb
999 _c61839
_d61839